000 00360nam a2200121Ia 4500
008 220217s9999||||xx |||||||||||||| ||und||
020 _a9789352530168
100 _aWren, M.A and Martin, M.A
_910219
245 0 _aHigh school english grammar and composition
260 _aBlakie Publications
_bNew Delhi
_c2016
300 _a520p.
_b360
650 _aPlacement
999 _c188515
_d188515